LIBRARY & INFORMATION CENTRE, KCAET, TAVANUR

ONLINE PUBLIC ACCESS CATALOGUE (OPAC)

Nuclear reactor engineering / (Record no. 7198)

MARC details
000 -LEADER
fixed length control field 00463cam a2200181ua 4500
041 ## - LANGUAGE CODE
Language code of text/sound track or separate title eng
082 ## - DEWEY DECIMAL CLASSIFICATION NUMBER
Classification number 539.7
Item number GLA/NU
100 ## - MAIN ENTRY--AUTHOR NAME
Personal name Glasstone, Samuel .
245 ## - TITLE STATEMENT
Title Nuclear reactor engineering /
260 ## - PUBLICATION, DISTRIBUTION, ETC. (IMPRINT)
Place of publication New York :
Name of publisher Van Nostrand Reinhold Company ,
Year of publication 1963.
300 ## - PHYSICAL DESCRIPTION
Number of Pages 830 ; .
700 1# - ADDED ENTRY--PERSONAL NAME
Personal name Seasons, .
942 ## - ADDED ENTRY ELEMENTS (KOHA)
Koha item type Books
Holdings
Withdrawn status Lost status Damaged status Home library Current library Date acquired Full call number Accession Number Koha item type
      KAUAET KAUAET 07/04/2012 539.7 GLA/NU 4863 Books
free website counter